[Event "14th Karpov GM"]
[Site "Poikovsky RUS"]
[Date "2013.09.03"]
[Round "6.3"]
[White "Bologan, Viktor"]
[Black "Nepomniachtchi, Ian"]
[Result "1-0"]
[WhiteTitle "GM"]
[BlackTitle "GM"]
[WhiteElo "2672"]
[BlackElo "2723"]
[WhiteFideId "13900048"]
[BlackFideId "4168119"]
[EventDate "2013.08.28"]

1. d4 Nf6 2. c4 g6 3. f3 e6 4. e4 d5 5. Nc3 dxe4 6. fxe4 e5 7. d5 Bc5 8. Nf3 Qd6
9. Bd3 Nbd7 10. Bd2 a5 11. Qe2 O-O 12. O-O-O Re8 13. Kb1 Nh5 14. g3 Ndf6 15. Be3
Bd7 16. Rd2 Ng4 17. Bxc5 Qxc5 18. Nh4 Ra6 19. Re1 Kh8 20. h3 Ngf6 21. Qh2 Rb6
22. Nf3 Qe7 23. Rc2 Ng8 24. Be2 f5 25. Bd3 f4 26. g4 Ng3 27. c5 Rf6 28. g5 Rff8
29. Ne2 Nxe2 30. Rexe2 h6 31. Rg2 Qh7 32. h4 h5 33. Rgd2 Bg4 34. Qf2 Qg7 35. Rc3
Ne7 36. Bc2 Nc8 37. Qg2 Rd8 38. Nh2 Bd7 39. Bd3 c6 40. d6 b6 41. Ba6 bxc5 42.
Bxc8 Bxc8 43. Qf2 Bg4 44. Rxc5 f3 45. Rxa5 Rf4 46. Ra7 Qf8 47. Nxg4 hxg4 48. h5
Rxe4 49. hxg6 g3 50. Qb6 Re1+ 51. Kc2 Qf5+ 52. Rd3 Rd7 53. Rxd7 Qxd7 54. Qc7
Re2+ 55. Kc3 Qg7 56. Qd8+ Qg8 57. Qf6+ 1-0

[Event "14th Karpov GM"]
[Site "Poikovsky RUS"]
[Date "2013.09.03"]
[Round "6.4"]
[White "Inarkiev, Ernesto"]
[Black "Laznicka, Viktor"]
[Result "1-0"]
[WhiteTitle "GM"]
[BlackTitle "GM"]
[WhiteElo "2693"]
[BlackElo "2677"]
[WhiteFideId "4162722"]
[BlackFideId "316385"]
[EventDate "2013.08.28"]

1. c4 e6 2. Nc3 d5 3. d4 Nf6 4. cxd5 exd5 5. Bg5 Be7 6. e3 c6 7. Bd3 Nbd7 8.
Nge2 O-O 9. Qc2 Re8 10. f3 c5 11. O-O b6 12. Rad1 Bb7 13. dxc5 bxc5 14. Bb5 Rf8
15. Kh1 Nb6 16. Nf4 Qb8 17. a4 Qe5 18. Bxf6 Bxf6 19. a5 d4 20. Nce2 Nd5 21. Nxd5
Qxd5 22. a6 Bc6 23. Bd3 Rac8 24. Bxh7+ Kh8 25. Bf5 Bd7 26. Bxd7 Qxd7 27. Qc4
Rfe8 28. e4 Qe6 29. Rc1 Bg5 30. Rc2 Red8 31. Qxe6 fxe6 32. Rc4 d3 33. Nc3 Rd4
34. b3 Rxc4 35. bxc4 Rc6 36. f4 Bh6 37. g4 g5 38. f5 exf5 39. gxf5 Bg7 40. Nd5
Be5 41. f6 Bd6 42. e5 Bf8 43. Rd1 Re6 44. Rxd3 Rxe5 45. Re3 Bd6 46. Rxe5 Bxe5
47. Ne7 1-0

[Event "14th Karpov GM"]
[Site "Poikovsky RUS"]
[Date "2013.09.03"]
[Round "6.5"]
[White "Jakovenko, Dmitry"]
[Black "Cheparinov, Ivan"]
[Result "1/2-1/2"]
[WhiteTitle "GM"]
[BlackTitle "GM"]
[WhiteElo "2724"]
[BlackElo "2678"]
[WhiteFideId "4122356"]
[BlackFideId "2905540"]
[EventDate "2013.08.28"]

1. c4 c5 2. Nf3 Nf6 3. Nc3 Nc6 4. g3 d5 5. cxd5 Nxd5 6. Bg2 g6 7. O-O Bg7 8.
Nxd5 Qxd5 9. d3 O-O 10. Be3 Bxb2 11. Rb1 Bf6 12. Qa4 Qd7 13. Qb5 b6 14. Nd2 Bb7
15. Ne4 Rab8 16. Bf4 Qc8 17. Bxb8 Nd4 18. Nxf6+ exf6 19. Qb2 Bxg2 20. Kxg2 Qc6+
21. f3 Rxb8 22. e3 Nf5 23. Qf2 h5 24. Kg1 Re8 25. Rfe1 Re6 26. Rb2 Qe8 27. Rbe2
Qd7 28. Rd2 Qe7 29. Rde2 Qd7 30. Rd2 Qe7 31. Rde2 1/2-1/2

[Event "14th Karpov GM"]
[Site "Poikovsky RUS"]
[Date "2013.09.04"]
[Round "7.2"]
[White "Nepomniachtchi, Ian"]
[Black "Inarkiev, Ernesto"]
[Result "1/2-1/2"]
[WhiteTitle "GM"]
[BlackTitle "GM"]
[WhiteElo "2723"]
[BlackElo "2693"]
[WhiteFideId "4168119"]
[BlackFideId "4162722"]
[EventDate "2013.08.28"]

1. c4 c5 2. Nf3 Nc6 3. Nc3 g6 4. e3 Nf6 5. d4 cxd4 6. exd4 d5 7. cxd5 Nxd5 8.
Bc4 Nxc3 9. Qb3 Nd5 10. Bxd5 e6 11. Bxc6+ bxc6 12. O-O f6 13. Be3 Qd5 14. Nd2
Ba6 15. Rfc1 Qxb3 16. Nxb3 Kd7 17. Nc5+ Bxc5 18. Rxc5 Bd3 19. f3 g5 20. Rac1
Rhc8 21. R1c3 Bb1 22. Ra3 Rcb8 23. b3 Rb5 24. Rc1 Bd3 25. Rc3 Bb1 26. Kf2 a6 27.
Ra4 Rb7 28. Ke2 Rb5 29. Rc1 Bg6 30. Bf2 h5 31. h3 Bf5 32. Ke3 Bg6 33. Bg3 Bf5
34. Rcc4 Rd5 35. Rab4 Rb5 36. a4 Rxb4 37. Rxb4 e5 38. dxe5 fxe5 39. Bxe5 Re8 40.
Rb7+ Ke6 41. Bc3 Rd8 42. Bd4 Re8 43. Kd2 g4 44. hxg4 hxg4 45. Rb6 Kd5 46. Bc3
gxf3 47. gxf3 Bc8 48. f4 Rg8 49. Be5 Kc5 50. a5 Kd5 51. Rb4 Kc5 52. Rb8 Be6 53.
Rb6 Rg2+ 54. Ke3 Rg3+ 55. Kd2 Rxb3 56. Rxa6 Kb5 57. Ra8 Ra3 58. Rb8+ Kc4 59. Bc7
c5 60. Re8 Kd5 61. Rf8 c4 62. Rf6 Bc8 63. Kc2 Kd4 64. Be5+ Ke4 65. Bc7 c3 66.
Rc6 Kd5 67. Rf6 Ke4 68. Rc6 Kd5 69. Rd6+ Kc4 70. Rc6+ 1/2-1/2

[Event "14th Karpov GM"]
[Site "Poikovsky RUS"]
[Date "2013.09.04"]
[Round "7.3"]
[White "Eljanov, Pavel"]
[Black "Sutovsky, Emil"]
[Result "1-0"]
[WhiteTitle "GM"]
[BlackTitle "GM"]
[WhiteElo "2702"]
[BlackElo "2660"]
[WhiteFideId "14102951"]
[BlackFideId "2802007"]
[EventDate "2013.08.28"]

1. c4 Nf6 2. Nc3 e5 3. Nf3 Nc6 4. g3 Bb4 5. Bg2 O-O 6. O-O d6 7. d3 h6 8. Nd5
Bc5 9. e3 Bb6 10. Nd2 Nxd5 11. cxd5 Ne7 12. Nc4 c6 13. dxc6 Nxc6 14. Nxb6 Qxb6
15. b3 Bf5 16. Bb2 Rac8 17. Qd2 Nb4 18. Bc3 a5 19. e4 Bd7 20. Rfd1 Rxc3 21. Qxc3
Rc8 22. Qd2 Rc2 23. Qe3 Qxe3 24. fxe3 Nxa2 25. Rf1 Be6 26. Bf3 Rd2 27. Rf2 Rxf2
28. Kxf2 Bxb3 29. Bd1 Be6 30. d4 Nc3 31. Bc2 Ba2 32. Bd3 b5 33. Bxb5 Nxb5 34.
Rxa2 Nc3 35. Rxa5 Nxe4+ 36. Kf3 Ng5+ 37. Ke2 exd4 38. Ra8+ Kh7 39. exd4 f5 40.
Ke3 Kg6 41. h4 Ne4 42. Kf4 Nc3 43. Ra6 Ne2+ 44. Ke3 Nxg3 45. Rxd6+ Kf7 46. Kf4
Ne4 47. Ra6 Nd2 48. Kxf5 Nf3 49. Ra7+ Kf8 50. d5 1-0

[Event "14th Karpov GM"]
[Site "Poikovsky RUS"]
[Date "2013.09.04"]
[Round "7.4"]
[White "Laznicka, Viktor"]
[Black "Jakovenko, Dmitry"]
[Result "1/2-1/2"]
[WhiteTitle "GM"]
[BlackTitle "GM"]
[WhiteElo "2677"]
[BlackElo "2724"]
[WhiteFideId "316385"]
[BlackFideId "4122356"]
[EventDate "2013.08.28"]

1. e4 e5 2. Nf3 Nc6 3. d4 exd4 4. Nxd4 Bc5 5. Be3 Qf6 6. c3 Nge7 7. Bc4 Ne5 8.
Be2 Qg6 9. O-O d6 10. Kh1 Qxe4 11. Nd2 Qg6 12. Nb5 O-O 13. Nxc7 Rb8 14. Nc4 Nxc4
15. Bxc4 Bxe3 16. fxe3 Bf5 17. Nd5 1/2-1/2

[Event "14th Karpov GM"]
[Site "Poikovsky RUS"]
[Date "2013.09.04"]
[Round "7.5"]
[White "Onischuk, Alexander"]
[Black "Bologan, Viktor"]
[Result "1/2-1/2"]
[WhiteTitle "GM"]
[BlackTitle "GM"]
[WhiteElo "2667"]
[BlackElo "2672"]
[WhiteFideId "14101025"]
[BlackFideId "13900048"]
[EventDate "2013.08.28"]

1. d4 d5 2. c4 e6 3. Nf3 Nf6 4. g3 Be7 5. Bg2 O-O 6. O-O dxc4 7. Ne5 Nc6 8. Bxc6
bxc6 9. Nxc6 Qe8 10. Nxe7+ Qxe7 11. Qa4 e5 12. dxe5 Qxe5 13. Nc3 Ne4 14. Qxc4
Nxc3 15. bxc3 Be6 16. Qd3 Rfd8 17. Bf4 Rxd3 18. Bxe5 Rd2 19. a3 Rxe2 20. Bxc7
Rc8 21. Ba5 Re5 22. Bb4 a5 23. Bd6 Rd5 24. Rfd1 1/2-1/2

[Event "14th Karpov GM"]
[Site "Poikovsky RUS"]
[Date "2013.09.05"]
[Round "8.1"]
[White "Inarkiev, Ernesto"]
[Black "Onischuk, Alexander"]
[Result "1/2-1/2"]
[WhiteTitle "GM"]
[BlackTitle "GM"]
[WhiteElo "2693"]
[BlackElo "2667"]
[WhiteFideId "4162722"]
[BlackFideId "14101025"]
[EventDate "2013.08.28"]

1. e4 e5 2. Nf3 Nc6 3. Bb5 a6 4. Ba4 Nf6 5. O-O Be7 6. Re1 b5 7. Bb3 O-O 8. a4
b4 9. d4 d6 10. dxe5 dxe5 11. Nbd2 Bc5 12. Qe2 Qe7 13. Nc4 Bg4 14. c3 Nh5 15. g3
Qf6 16. Kg2 Rad8 17. Be3 Bxe3 18. Nxe3 Bxf3+ 19. Qxf3 Qxf3+ 20. Kxf3 Na5 21. Bd5
bxc3 22. b4 c6 23. Ba2 Nb7 24. Rec1 Rd4 25. Rxc3 Rxb4 26. Rxc6 Rxa4 27. g4 Nd8
28. Rc8 Ne6 29. Rxf8+ Kxf8 30. gxh5 Ng5+ 31. Kg2 Nxe4 32. Nd5 f5 33. Nb6 Ra5 34.
Nc4 Ra4 35. Nb6 Ra5 36. Nc4 Ra4 37. Nxe5 Nc3 38. Rc1 Nxa2 39. Rc7 Re4 40. Rf7+
Ke8 41. Rxf5 a5 42. Kf3 Nc3 43. Ng4 Ra4 44. Re5+ Kf8 45. Ne3 h6 46. Nf5 Kf7 47.
Nd6+ Kf6 48. Rc5 Ra3 49. Nc4 Na4+ 50. Nxa3 Nxc5 51. Kf4 Ne6+ 52. Kg4 a4 53. f3
Ke5 54. Nc4+ Kd4 55. Na3 Kc3 56. Kf5 Nd4+ 57. Ke4 Nb3 58. f4 Nd2+ 59. Kd5 Nf1
60. f5 Ne3+ 61. Ke4 Kb4 62. Nb1 Nf1 63. f6 gxf6 64. Kf5 Kb3 65. Kg6 Kb2 66. Kxh6
Nxh2 67. Kg6 Ng4 68. Nd2 Kc3 69. Nb1+ Kb2 70. Nd2 Kc3 71. Nb1+ Kc2 72. Na3+ Kb3
73. Nb1 Ne5+ 74. Kg7 Ng4 75. Kg6 Kb2 1/2-1/2

[Event "14th Karpov GM"]
[Site "Poikovsky RUS"]
[Date "2013.09.05"]
[Round "8.2"]
[White "Eljanov, Pavel"]
[Black "Cheparinov, Ivan"]
[Result "1-0"]
[WhiteTitle "GM"]
[BlackTitle "GM"]
[WhiteElo "2702"]
[BlackElo "2678"]
[WhiteFideId "14102951"]
[BlackFideId "2905540"]
[EventDate "2013.08.28"]

1. c4 c5 2. Nc3 Nc6 3. g3 g6 4. Bg2 Bg7 5. d3 e6 6. Bf4 d6 7. Nf3 h6 8. a3 Nge7
9. Qc1 b6 10. b4 Bb7 11. O-O Qd7 12. Rb1 Rd8 13. bxc5 dxc5 14. Ne4 e5 15. Nxe5
Nxe5 16. Nxc5 bxc5 17. Rxb7 Qd6 18. Rxa7 g5 19. Bxe5 Bxe5 20. a4 O-O 21. a5 Rb8
22. Qa3 Rb2 23. e3 Rd2 24. a6 Rxd3 25. Qa4 Nc8 26. Rb7 Nb6 27. Rxb6 Qxb6 28. a7
Kg7 29. a8=Q Rxa8 30. Qxa8 Rd2 31. Bd5 Bc3 32. Qc8 Rb2 33. Kg2 Bb4 34. Qf5 Qf6
35. Qxf6+ Kxf6 36. Ra1 Kg6 37. g4 h5 38. Be4+ 1-0

[Event "14th Karpov GM"]
[Site "Poikovsky RUS"]
[Date "2013.09.05"]
[Round "8.4"]
[White "Sutovsky, Emil"]
[Black "Bologan, Viktor"]
[Result "1-0"]
[WhiteTitle "GM"]
[BlackTitle "GM"]
[WhiteElo "2660"]
[BlackElo "2672"]
[WhiteFideId "2802007"]
[BlackFideId "13900048"]
[EventDate "2013.08.28"]

1. e4 e6 2. d4 d5 3. Nc3 Nf6 4. e5 Nfd7 5. f4 c5 6. Nf3 Nc6 7. Be3 cxd4 8. Nxd4
Bc5 9. Qd2 O-O 10. O-O-O a6 11. Nb3 b6 12. h4 Bb7 13. Nxc5 Nxc5 14. Be2 Rc8 15.
h5 Qc7 16. Qe1 f6 17. exf6 Rxf6 18. Rf1 Rd8 19. Qf2 d4 20. Bxd4 Nxd4 21. Rxd4
Rxd4 22. Qxd4 Bxg2 23. Rf2 Bb7 24. f5 exf5 25. Bc4+ Kh8 26. Rd2 Rf8 27. h6 Ne4
28. hxg7+ Qxg7 29. Qxg7+ Kxg7 30. Rd7+ Kg6 31. Rxb7 Nxc3 32. Rxb6+ Kg5 33. bxc3
h5 34. Bxa6 h4 35. Bf1 Kf4 36. a4 Rh8 37. Bh3 1-0

[Event "14th Karpov GM"]
[Site "Poikovsky RUS"]
[Date "2013.09.05"]
[Round "8.5"]
[White "Jakovenko, Dmitry"]
[Black "Nepomniachtchi, Ian"]
[Result "1/2-1/2"]
[WhiteTitle "GM"]
[BlackTitle "GM"]
[WhiteElo "2724"]
[BlackElo "2723"]
[WhiteFideId "4122356"]
[BlackFideId "4168119"]
[EventDate "2013.08.28"]

1. Nf3 g6 2. e4 d6 3. d4 Nf6 4. Bd3 Bg7 5. O-O O-O 6. c3 Re8 7. Nbd2 e5 8. Re1
Nbd7 9. Qc2 c6 10. dxe5 Nxe5 11. Nxe5 dxe5 12. a4 Qc7 13. Bc4 b6 14. Nf1 a6 15.
Bg5 h6 16. Bh4 Rb8 17. Ne3 b5 18. Ba2 Be6 19. Bxe6 1/2-1/2

[Event "14th Karpov GM"]
[Site "Poikovsky RUS"]
[Date "2013.09.06"]
[Round "9.1"]
[White "Laznicka, Viktor"]
[Black "Eljanov, Pavel"]
[Result "1/2-1/2"]
[WhiteTitle "GM"]
[BlackTitle "GM"]
[WhiteElo "2677"]
[BlackElo "2702"]
[WhiteFideId "316385"]
[BlackFideId "14102951"]
[EventDate "2013.08.28"]

1. e4 e5 2. Nf3 Nc6 3. d4 exd4 4. Nxd4 Bc5 5. Nxc6 bxc6 6. Bd3 d6 7. Nc3 Nf6 8.
Na4 Bb6 9. O-O Nd7 10. b3 Bd4 11. c3 Bf6 12. f4 O-O 13. Qc2 g6 14. Bd2 Bg7 15.
Rae1 Nb6 16. Nb2 a5 17. c4 a4 18. Bc3 axb3 19. axb3 Nd7 20. Bxg7 Kxg7 21. Qc3+
f6 22. Bb1 c5 23. Nd3 Qe7 24. Rf3 Bb7 25. h4 Kh8 26. Rfe3 Rae8 27. e5 fxe5 28.
fxe5 Nxe5 29. Nxe5 dxe5 30. Rxe5 Qf6 31. Qg3 Rxe5 32. Qxe5 Kg8 33. Qxf6 Rxf6 34.
Re8+ Rf8 35. Re7 Rf7 36. Re5 Rd7 37. Be4 Bxe4 38. Rxe4 Rd3 39. Re8+ Kf7 40. Rc8
Rxb3 41. Rxc7+ Ke6 42. Rxc5 Rc3 43. Kf2 Kd6 44. Rd5+ Ke6 45. Rd4 Ke5 46. Rg4 Kf5
47. Rg5+ Ke4 48. c5 1/2-1/2

[Event "14th Karpov GM"]
[Site "Poikovsky RUS"]
[Date "2013.09.06"]
[Round "9.3"]
[White "Bologan, Viktor"]
[Black "Inarkiev, Ernesto"]
[Result "1-0"]
[WhiteTitle "GM"]
[BlackTitle "GM"]
[WhiteElo "2672"]
[BlackElo "2693"]
[WhiteFideId "13900048"]
[BlackFideId "4162722"]
[EventDate "2013.08.28"]

1. d4 d5 2. c4 c6 3. Nf3 Nf6 4. e3 a6 5. Nbd2 Bf5 6. Qb3 Qc7 7. Nh4 Bc8 8. Bd3
e6 9. e4 dxc4 10. Qxc4 b5 11. Qc2 c5 12. a4 Nc6 13. axb5 Nb4 14. Qc4 Nd7 15. Qc3
Ra7 16. O-O Be7 17. dxc5 Nxc5 18. Qxb4 Bxh4 19. b6 Nxd3 20. Qa4+ Qd7 21. bxa7
Bb7 22. Qxd7+ Kxd7 23. Nf3 Nxc1 24. Raxc1 Bd8 25. Rfd1+ Ke7 26. Rc8 1-0

[Event "14th Karpov GM"]
[Site "Poikovsky RUS"]
[Date "2013.09.06"]
[Round "9.5"]
[White "Cheparinov, Ivan"]
[Black "Sutovsky, Emil"]
[Result "1-0"]
[WhiteTitle "GM"]
[BlackTitle "GM"]
[WhiteElo "2678"]
[BlackElo "2660"]
[WhiteFideId "2905540"]
[BlackFideId "2802007"]
[EventDate "2013.08.28"]

1. Nf3 Nf6 2. c4 g6 3. Nc3 d5 4. cxd5 Nxd5 5. Qb3 Nb6 6. d4 Bg7 7. e4 Bg4 8.
Bb5+ c6 9. Ng5 O-O 10. Be2 Bxe2 11. Nxe2 Na6 12. Qh3 h6 13. Nf3 h5 14. Rg1 Nd7
15. e5 Nb4 16. g4 Nc2+ 17. Kf1 Nxe5 18. Nxe5 Bxe5 19. gxh5 Qc8 20. Rg4 Qf5 21.
dxe5 Rad8 22. hxg6 Rd1+ 23. Kg2 Ne1+ 24. Kg3 Qf3+ 25. Kh4 Qxf2+ 26. Kg5 f6+ 27.
Kh6 f5 28. Rg3 Qxe2 29. Kg5 Rf7 30. gxf7+ Kxf7 31. Qxf5+ Ke8 32. Bf4 Rxa1 33. e6 1-0